Eurovisión - Farolillos Rojos en Finales - Estadísticas

Estadísticas generales
  • Esta prueba ha sido intentada 207 veces
  • La puntuación promedio es 17 de 19
Estadísticas de respuestas
Año País Cantante/Grupo Canción Puntaje % Correcto
2017 España Manel Navarro Do It for Your Lover 5
99%
2023 Alemania Lord of the Lost Blood & Glitter 18
97%
2022 Alemania Malik Harris Rockstars 6
97%
2016 Alemania Jamie Lee Ghost 11
97%
2015 Alemania Ann Sophie Black Smoke 0
97%
2021 Reino Unido James Newman Embers 0
96%
2019 Reino Unido Michael Rice Bigger than Us 11
96%
2010 Reino Unido Josh Duvobie That Sounds Good to Me 10
96%
2008 Reino Unido Andy Abraham Even if 14
96%
2014 Francia Twin Twin Moustache 2
94%
2024 Noruega Gåte Ulveham 16
90%
2012 Noruega Tooji Stay 7
90%
2018 Portugal Cláudia Pascoal O Jardim 39
90%
2015 Austria The Makemakes I Am Yours 0
81%
2013 Irlanda Ryan Dolan Only Love Survives 5
80%
2007 Irlanda Dervish They Can't Stop the Spring 5
80%
2011 Suiza Anna Rossinelli In Love for a While 19
77%
2009 Finlandia Waldo's People Lose Control 22
74%
2006 Malta Fabrizio Faniello I Do 1
63%
No se encontraron pruebas coincidentes
Distribución de puntuación
Porcentaje de gente con cada puntuación
Porcentaje por número respondido
Historial de tus puntuaciones
No has intentado esta prueba.